Statistics for Allies of Saudi Arabia

Click here to take the quiz!

General Stats

  • This quiz has been taken 39 times
    (36 since last reset)
  • The average score is 8 of 14

Answer Stats

Hint Answer % Correct
AsiaOman
83%
OceaniaAustralia
83%
AsiaUnited Arab Emirates
80%
AfricaEgypt
77%
AsiaBahrain
73%
AsiaPakistan
73%
Asia/ EuropeTurkey
63%
AsiaIndonesia
53%
AsiaJapan
53%
AsiaIsrael
50%
North AmericaUnited States of America
43%
AsiaSouth Korea
40%
AfricaTunisia
40%
AsiaSingapore
33%

Score Distribution

Percentile by Number Answered

Percent of People with Each Score

Your Score History

You have not taken this quiz since the last reset